000 00819nam a2200277 i 4500
001 16547
003 ES-MaACL
005 20260201063013.0
007 t|
008 001017s1999 sp ||||0| spa j
020 _a84-375-0483-X
040 _aM-BN
_bspa
_cM-BN
080 _a262.13"14/15"
100 0 _aSymonds, John Addington,
_d1840-1893
_9108971
245 1 4 _aLos papas del renacimiento /
_cJohn Addington Symonds.
250 _a1ª ed. en España.
260 _aMadrid :
_bF.C.E. de España,
_c1999.
300 _a103 p. ;
_c17 cm.
490 1 _aFondo 2000
610 2 4 _aIglesia Católica-
_zItalia-
_yS.XV-XVI
_94652
650 1 4 _aRenacimiento-
_zItalia.
_916844
830 0 _aFondo 2000
_9179793
852 _aES-MaACL
_jL-23763
_bR.128653
999 _c16547
_d16547